Global Politics (Record no. 11956)
[ view plain ]
| 000 -LEADER | |
|---|---|
| fixed length control field | 00406nam a22001697a 4500 |
| 003 - CONTROL NUMBER IDENTIFIER | |
| control field | OSt |
| 008 - FIXED-LENGTH DATA ELEMENTS--GENERAL INFORMATION | |
| fixed length control field | 230411b |||||||| |||| 00| 0 eng d |
| 020 ## - INTERNATIONAL STANDARD BOOK NUMBER | |
| International Standard Book Number | 9781350328419 |
| 082 ## - DEWEY DECIMAL CLASSIFICATION NUMBER | |
| Classification number | 327 HEG |
| 100 ## - MAIN ENTRY--PERSONAL NAME | |
| Personal name | HEYWOOD, Andrew and WHITHAM, Ben |
| 245 ## - TITLE STATEMENT | |
| Title | Global Politics |
| 250 ## - EDITION STATEMENT | |
| Edition statement | 3rd ed. |
| 260 ## - PUBLICATION, DISTRIBUTION, ETC. (IMPRINT) | |
| Place of publication, distribution, etc | London |
| Name of publisher, distributor, etc | Bloomsbury |
| Date of publication, distribution, etc | 2023 |
| 300 ## - PHYSICAL DESCRIPTION | |
| Extent | 698 p. |
| 650 ## - SUBJECT ADDED ENTRY--TOPICAL TERM | |
| Topical term or geographic name as entry element | Political Science |
| 942 ## - ADDED ENTRY ELEMENTS (KOHA) | |
| Source of classification or shelving scheme | Dewey Decimal Classification |
| Koha item type | Reference Books |
| Withdrawn status | Lost status | Source of classification or shelving scheme | Damaged status | Not for loan | Collection code | Home library | Current library | Date acquired | Source of acquisition | Currency | Cost, normal purchase price | Bill Number | Total Checkouts | Full call number | Acc. no. / Barcode | Date last seen | Actual Cost, discounted price | Bill Date | Koha item type |
|---|---|---|---|---|---|---|---|---|---|---|---|---|---|---|---|---|---|---|---|
| Dewey Decimal Classification | B.A Economics | PIET NCR College Library | PIET NCR College Library | 31/03/2023 | International Book Centre | In Rupees | 3854.36 | IB/IN/1425 | 327 HEG | N3417 | 11/04/2023 | 3083.49 | 31/03/2023 | Reference Books |